[Event "RUS-ChT L1"]
[Site "Sochi RUS"]
[Date "2008.04.09"]
[Round "7"]
[White "Zontakh, Andrey"]
[Black "Tseshkovsky, Vitaly"]
[Result "1-0"]
[WhiteElo "2573"]
[BlackElo "2504"]
[EventDate "2008.04.03"]
[PlyCount "169"]

1.Nf3 Nf6 2.c4 g6 3.Nc3 d5 4.cxd5 Nxd5 5.g3 Bg7 6.Bg2 O-O 7.O-O Nb6 8.d4 
a5 9.h3 a4 10.e4 a3 11.bxa3 Nc6 12.e5 Be6 13.Rb1 Na5 14.Ng5 Bc4 15.Re1 h6 
16.Nge4 Nd5 17.Nxd5 Bxd5 18.Nc3 Bxg2 19.Kxg2 Qd7 20.d5 e6 21.dxe6 Qxe6 22.
Qd5 Rfd8 23.Qxe6 fxe6 24.Ne4 b6 25.Rb4 Nc6 26.Rc4 Nxe5 27.Rxc7 Nd3 28.Re2 
Rac8 29.Rxc8 Rxc8 30.Be3 b5 31.Rd2 Ne5 32.Bc5 Nc4 33.Rd3 Ra8 34.Rb3 Bf8 
35.Rxb5 Bxc5 36.Rxc5 Nxa3 37.Rc6 Kf7 38.Rc7+ Kg8 39.Re7 Nc2 40.Rxe6 Kf7 
41.Rf6+ Kg7 42.Rb6 Rxa2 43.Rb7+ Kf8 44.Kf3 Nd4+ 45.Kg2 Nf5 46.h4 h5 47.Nc5
Ne3+ 48.Kf3 Ng4 49.Ne4 Ra3+ 50.Kg2 Ra2 51.Rc7 Re2 52.Kf3 Ra2 53.Rb7 Ra3+ 
54.Ke2 Ra2+ 55.Kf1 Ra1+ 56.Kg2 Ra2 57.Rb3 Kg7 58.Rd3 Re2 59.Rd4 Nf6 60.Nc3
Rc2 61.Nb1 Rb2 62.Nd2 Ra2 63.f3 Kf7 64.Rd3 Ng8 65.Kh3 Nf6 66.Nc4 Ra7 67.
Ne5+ Kg7 68.Rb3 Nd7 69.Nc6 Ra6 70.Rc3 Rb6 71.g4 hxg4+ 72.fxg4 Nf6 73.Ne5 
Rb5 74.Nd3 Rb1 75.g5 Nd5 76.Rc5 Ne3 77.Kh2 Rf1 78.Ne5 Rf4 79.Rc7+ Kg8 80.
Nxg6 Ra4 81.h5 Ra5 82.h6 Ng4+ 83.Kg3 Nxh6 84.Ne7+ Kh8 85.gxh6 1-0

[Event "RUS-ChT L1"]
[Site "Sochi RUS"]
[Date "2008.04.10"]
[Round "8"]
[White "Abashev, Denis"]
[Black "Danin, Alexandre"]
[Result "1/2-1/2"]
[WhiteElo "2442"]
[BlackElo "2480"]
[EventDate "2008.04.03"]
[PlyCount "69"]

1.e4 c5 2.Nf3 d6 3.d4 cxd4 4.Nxd4 Nf6 5.Nc3 a6 6.Be2 e5 7.Nb3 Be7 8.O-O 
O-O 9.Kh1 b6 10.Be3 Bb7 11.f3 b5 12.a4 b4 13.Nd5 Nxd5 14.exd5 Bg5 15.Bg1 
Nd7 16.c4 bxc3 17.bxc3 Qc7 18.c4 Rfb8 19.a5 Bc8 20.Qd3 Rb4 21.Ra3 Rab8 22.
Rfa1 g6 23.Qc2 Nf6 24.Bd3 Nd7 25.c5 dxc5 26.Nxc5 Rb2 27.Qc3 Bd2 28.d6 Qxd6
29.Qc4 Nxc5 30.Bxc5 Qe6 31.Qxe6 Bxe6 32.Bd6 Rd8 33.Bxe5 Rb3 34.Rxb3 Bxb3 
35.Bxa6 1/2-1/2

[Event "RUS-ChT L1"]
[Site "Sochi RUS"]
[Date "2008.04.10"]
[Round "8"]
[White "Anisimov, Pavel"]
[Black "Pokazanjev, Nikolai"]
[Result "1/2-1/2"]
[WhiteElo "2485"]
[BlackElo "2405"]
[EventDate "2008.04.03"]
[PlyCount "35"]

1.e4 e5 2.Nf3 Nc6 3.Bb5 a6 4.Ba4 Nf6 5.O-O Be7 6.Re1 b5 7.Bb3 d6 8.c3 O-O 
9.h3 Nb8 10.d4 Nbd7 11.Nbd2 Bb7 12.Bc2 c5 13.Nf1 cxd4 14.cxd4 exd4 15.Nxd4
Re8 16.Nf5 Bf8 17.Bg5 h6 18.Bh4 1/2-1/2

[Event "RUS-ChT L1"]
[Site "Sochi RUS"]
[Date "2008.04.10"]
[Round "8"]
[White "Chadaev, Nikolay"]
[Black "Mozharov, Mikhail"]
[Result "1-0"]
[WhiteElo "2471"]
[BlackElo "2434"]
[EventDate "2008.04.03"]
[PlyCount "79"]

1.e4 e5 2.Nf3 Nc6 3.Bb5 a6 4.Ba4 Nf6 5.O-O Be7 6.Re1 b5 7.Bb3 O-O 8.d4 d6 
9.c3 Bb7 10.Nbd2 h6 11.Nf1 Re8 12.Ng3 Bf8 13.h3 Na5 14.Bc2 c5 15.d5 Nc4 
16.a4 Nb6 17.a5 Nbd7 18.b4 c4 19.Nf5 Kh7 20.g4 g6 21.Ng3 Bg7 22.Be3 Bc8 
23.Kg2 Nf8 24.g5 Ng8 25.h4 Bg4 26.Qd2 Qc8 27.Rh1 h5 28.Ng1 Ne7 29.f3 Bd7 
30.f4 exf4 31.Bxf4 Bg4 32.Bxd6 Qd8 33.Bf4 Nd7 34.Bd1 Bxd1 35.Rxd1 Ne5 36.
Bxe5 Bxe5 37.Nf3 Bg7 38.Rhf1 Qd7 39.Qf4 Kg8 40.Qxf7+ 1-0

[Event "RUS-ChT L1"]
[Site "Sochi RUS"]
[Date "2008.04.10"]
[Round "8"]
[White "Glushko, Andrey"]
[Black "Ogloblin, Nikolay"]
[Result "0-1"]
[WhiteElo "2312"]
[BlackElo "2355"]
[EventDate "2008.04.03"]
[PlyCount "110"]

1.d4 Nf6 2.Nf3 e6 3.c4 b6 4.g3 Ba6 5.b3 d5 6.Bg2 dxc4 7.Ne5 Bb4+ 8.Kf1 Bd6
9.Nxc4 Nd5 10.Bxd5 exd5 11.Nxd6+ Qxd6 12.Kg2 Nc6 13.Re1 Qd7 14.Ba3 h5 15.
Nd2 Nxd4 16.Nf3 Ne6 17.Ne5 Qb5 18.Qc2 Bb7 19.Qf5 d4+ 20.Kg1 O-O-O 21.e4 
dxe3 22.Rxe3 Qd5 23.Qf3 Nd4 24.Qxd5 Bxd5 25.Rd1 c5 26.Bb2 f6 27.Ng6 Nf3+ 
28.Kf1 Bb7 29.Rxd8+ Rxd8 30.Bc3 Nxh2+ 31.Ke1 Bf3 32.Bd2 Bg4 33.Nh4 g5 34.
f3 gxh4 35.fxg4 Nxg4 36.Re7 hxg3 37.Bf4 Rd7 38.Re8+ Kb7 39.Bxg3 Rd3 40.Bf4
Rf3 41.Re4 f5 42.Re7+ Kc6 43.Bg5 a6 44.Rh7 Rh3 45.Bf4 Rh1+ 46.Kd2 Kd5 47.
Rb7 b5 48.Ra7 Ke4 49.Bb8 h4 50.Re7+ Kf3 51.Rf7 Ne3 52.Kc3 h3 53.Rh7 f4 54.
Rh4 b4+ 55.Kb2 Ng2 0-1

[Event "RUS-ChT L1"]
[Site "Sochi RUS"]
[Date "2008.04.10"]
[Round "8"]
[White "Kostin, Alexey"]
[Black "Badmatsyrenov, Oleg"]
[Result "1/2-1/2"]
[WhiteElo "2389"]
[BlackElo "2343"]
[EventDate "2008.04.03"]
[PlyCount "74"]

1.e4 c5 2.Nf3 e6 3.c3 d5 4.exd5 exd5 5.d4 a6 6.Be2 Nc6 7.dxc5 Bxc5 8.Nbd2 
Nge7 9.Nb3 Bd6 10.Bg5 O-O 11.O-O Qc7 12.Bh4 Nf5 13.Bg3 Nxg3 14.hxg3 Ne7 
15.Re1 h6 16.Nfd4 Bd7 17.Bd3 Rfe8 18.Qf3 Rad8 19.Nf5 Nxf5 20.Bxf5 Bc6 21.
Qg4 Bf8 22.Qh4 Qb6 23.Qd4 Qc7 24.Qd2 g6 25.Bg4 Bg7 26.Bf3 Re5 27.Rxe5 Qxe5
28.Re1 Qg5 29.Rd1 Qxd2 30.Rxd2 Bf6 31.Nd4 Kf8 32.Bd1 Ke7 33.Bb3 Kd6 34.f4 
Re8 35.Kf2 Bd8 36.Re2 Bb6 37.Rxe8 Bxe8 1/2-1/2

[Event "RUS-ChT L1"]
[Site "Sochi RUS"]
[Date "2008.04.10"]
[Round "8"]
[White "Kryakvin, Dmitry"]
[Black "Novik, Maxim"]
[Result "1-0"]
[WhiteElo "2535"]
[BlackElo "2468"]
[EventDate "2008.04.03"]
[PlyCount "75"]

1.e4 c5 2.Nf3 Nc6 3.d4 cxd4 4.Nxd4 e5 5.Nb5 d6 6.Be3 Be6 7.N1c3 a6 8.Na3 
Nf6 9.Nc4 Be7 10.Nd5 O-O 11.Nxe7+ Nxe7 12.Qxd6 Rc8 13.Qxd8 Rfxd8 14.Bb6 
Rd7 15.Nxe5 Rd6 16.Be3 Rxc2 17.Bd3 Rxd3 18.Nxd3 Bc4 19.Rd1 Nxe4 20.b3 Nc3 
21.bxc4 Nxd1 22.Kxd1 Rxa2 23.Re1 Nf5 24.Bc1 h6 25.Re8+ Kh7 26.Rb8 b5 27.c5
Ra4 28.Bb2 f6 29.Rb7 Kg6 30.g3 h5 31.h3 Rc4 32.Ra7 Ra4 33.Nf4+ Kh6 34.Ra8 
Kh7 35.Nxh5 Rc4 36.g4 Rxc5 37.Rxa6 Kh6 38.Bc1+ 1-0

[Event "RUS-ChT L1"]
[Site "Sochi RUS"]
[Date "2008.04.10"]
[Round "8"]
[White "Kuligin, Evgeni"]
[Black "Batsanin, Dmitry"]
[Result "0-1"]
[WhiteElo "2336"]
[BlackElo "2474"]
[EventDate "2008.04.03"]
[PlyCount "78"]

1.c4 c5 2.Nf3 Nc6 3.d4 cxd4 4.Nxd4 Nf6 5.Nc3 e6 6.g3 Qb6 7.Nc2 d5 8.Bg2 
dxc4 9.O-O Bd7 10.e4 Ne5 11.Qe2 Rc8 12.Ne3 Bc5 13.Kh1 h5 14.h3 Qa6 15.Ned5
Nd3 16.Nxf6+ gxf6 17.f4 Ke7 18.f5 Bd4 19.fxe6 fxe6 20.Bf4 Rcg8 21.Rad1 
Bxc3 22.bxc3 e5 23.Be3 Rxg3 24.Rf3 Bg4 25.Kh2 Bxf3 26.Bxf3 Rhg8 27.Rd2 Qe6
28.Qf1 b6 29.Re2 h4 30.Bg2 Qf7 31.Bf3 Qg6 32.Bg4 Rxg4 33.hxg4 Qxg4 34.a4 
h3 35.a5 bxa5 36.Bc1 Qxe2+ 37.Qxe2 Rg2+ 38.Qxg2 hxg2 39.Ba3+ Ke6 0-1

[Event "RUS-ChT L1"]
[Site "Sochi RUS"]
[Date "2008.04.10"]
[Round "8"]
[White "Moiseenko, Vladimir1"]
[Black "Meshkov, Yuri A"]
[Result "1/2-1/2"]
[WhiteElo "2409"]
[BlackElo "2406"]
[EventDate "2008.04.03"]
[PlyCount "61"]

1.e4 c6 2.d4 d5 3.f3 Qb6 4.Nc3 e6 5.Qd3 Nf6 6.Bg5 Nbd7 7.O-O-O Bb4 8.e5 
Ng8 9.Nge2 a6 10.a3 Bf8 11.f4 f6 12.exf6 Ndxf6 13.Ng3 Qc7 14.f5 Bd6 15.Re1
Bf4+ 16.Bxf4 Qxf4+ 17.Qd2 Qxd2+ 18.Kxd2 Kf7 19.Na4 exf5 20.Nb6 Rb8 21.Nxc8
Rxc8 22.Nxf5 Rd8 23.Bd3 g6 24.Nh4 Re8 25.Nf3 Rxe1 26.Rxe1 Ne7 27.Ne5+ Ke8 
28.g4 Nd7 29.Nf3 Rf8 30.Ng5 Rf2+ 31.Kc3 1/2-1/2

[Event "RUS-ChT L1"]
[Site "Sochi RUS"]
[Date "2008.04.10"]
[Round "8"]
[White "Pushkarev, Dmitry"]
[Black "Sergienko, Sergey"]
[Result "1-0"]
[WhiteElo "2363"]
[BlackElo "2449"]
[EventDate "2008.04.03"]
[PlyCount "85"]

1.e4 c6 2.d4 g6 3.Nc3 d5 4.e5 Bg7 5.f4 h5 6.Nf3 Nh6 7.Be3 Bg4 8.h3 Nf5 9.
Bf2 Bxf3 10.Qxf3 h4 11.Bd3 e6 12.Ne2 Nd7 13.O-O Bf8 14.b3 Be7 15.c4 Kf8 
16.Kh2 Rb8 17.Rac1 Nb6 18.Rc2 Qd7 19.c5 Na8 20.Ng1 Kg7 21.Rfc1 b6 22.cxb6 
Rxb6 23.Qe2 Nc7 24.Nf3 Ba3 25.Rd1 Be7 26.Rdc1 Ba3 27.Bxf5 Bxc1 28.Rxc1 
exf5 29.Bxh4 Rh5 30.Bf6+ Kg8 31.g3 Ne6 32.Kg2 Kf8 33.Qe3 Ke8 34.g4 fxg4 
35.hxg4 Rh7 36.f5 gxf5 37.gxf5 Ng7 38.e6 fxe6 39.Qg5 Kf8 40.Ne5 Qe8 41.Rh1
Nh5 42.Be7+ Rxe7 43.Rxh5 1-0

[Event "RUS-ChT L1"]
[Site "Sochi RUS"]
[Date "2008.04.10"]
[Round "8"]
[White "Savchenko, Stanislav"]
[Black "Yudin, Sergei"]
[Result "1/2-1/2"]
[WhiteElo "2558"]
[BlackElo "2519"]
[EventDate "2008.04.03"]
[PlyCount "94"]

1.d4 d5 2.c4 e6 3.Nf3 c6 4.e3 Bd6 5.Bd3 f5 6.O-O Nf6 7.b3 Qe7 8.Bb2 O-O 9.
Qc1 Ne4 10.Ba3 Nd7 11.Bxd6 Qxd6 12.Nc3 b6 13.Ne2 c5 14.Qb2 Bb7 15.Rad1 
Rac8 16.Ne5 cxd4 17.Nxd7 Qxd7 18.Nxd4 Qe7 19.cxd5 Bxd5 20.Rc1 Nc5 21.Bc4 
Na4 22.Qe2 Bxc4 23.Rxc4 Nc3 24.Qd3 Ne4 25.Rfc1 Qd7 26.f3 Nf6 27.Qc2 Rxc4 
28.Qxc4 Nd5 29.Kf2 Rd8 30.g3 Qd6 31.Qc6 Kf7 32.Qxd6 Rxd6 33.Rc8 Rd7 34.Nc6
Kf6 35.Rf8+ Kg5 36.Nd4 Re7 37.h3 g6 38.Rc8 Kf6 39.e4 fxe4 40.fxe4 Nb4 41.
a3 Nd3+ 42.Ke3 Ne5 43.a4 g5 44.b4 Rd7 45.b5 h5 46.Rf8+ Ke7 47.Rc8 Kf6 
1/2-1/2

[Event "RUS-ChT L1"]
[Site "Sochi RUS"]
[Date "2008.04.10"]
[Round "8"]
[White "Zacurdajev, Mikhail"]
[Black "Burmakin, Vladimir"]
[Result "1/2-1/2"]
[WhiteElo "2408"]
[BlackElo "2611"]
[EventDate "2008.04.03"]
[PlyCount "52"]

1.d4 d5 2.c4 c6 3.Nc3 Nf6 4.Nf3 a6 5.Ne5 Nbd7 6.Bf4 e6 7.e3 Bb4 8.Nxd7 
Bxd7 9.c5 b6 10.a3 Bxc3+ 11.bxc3 bxc5 12.Bd3 cxd4 13.cxd4 c5 14.dxc5 Qa5+ 
15.Qd2 Qxc5 16.O-O O-O 17.Rfc1 Qe7 18.Be5 Rfd8 19.f3 Ne8 20.Qb4 Qxb4 21.
axb4 f6 22.Bg3 Bb5 23.Bxb5 axb5 24.Rxa8 Rxa8 25.Rc6 Ra3 26.Kf2 Rb3 1/2-1/2

[Event "RUS-ChT L1"]
[Site "Sochi RUS"]
[Date "2008.04.11"]
[Round "9"]
[White "Abashev, Denis"]
[Black "Olenin, Nikolay"]
[Result "1/2-1/2"]
[WhiteElo "2442"]
[BlackElo "2353"]
[EventDate "2008.04.03"]
[PlyCount "66"]

1.e4 e6 2.d4 d5 3.Nc3 Nf6 4.Bg5 dxe4 5.Nxe4 Be7 6.Bxf6 gxf6 7.Nf3 b6 8.Bd3
Bb7 9.Qe2 c6 10.O-O-O Qc7 11.Rhe1 Nd7 12.Kb1 O-O-O 13.Ba6 Rhg8 14.g3 Bxa6 
15.Qxa6+ Kb8 16.Qe2 f5 17.Ned2 h5 18.Nc4 h4 19.gxh4 Rh8 20.Rg1 Bxh4 21.Rg7
Rdf8 22.Nfe5 Nf6 23.Ng6 Ne8 24.Nxf8 Nxg7 25.Nd7+ Qxd7 26.Qe5+ Qc7 27.Qxg7 
Rd8 28.f3 c5 29.c3 f6 30.Qg1 Qf4 31.Qf1 cxd4 32.Na5 bxa5 33.Qb5+ Ka8 
1/2-1/2

[Event "RUS-ChT L1"]
[Site "Sochi RUS"]
[Date "2008.04.11"]
[Round "9"]
[White "Aveskulov, Valeriy"]
[Black "Pigusov, Evgeny"]
[Result "0-1"]
[WhiteElo "2532"]
[BlackElo "2558"]
[EventDate "2008.04.03"]
[PlyCount "104"]

1.e4 c5 2.Nf3 Nc6 3.Bb5 g6 4.Bxc6 dxc6 5.d3 Bg7 6.h3 Nf6 7.Nc3 O-O 8.Bg5 
Re8 9.Qd2 e5 10.Ne2 Qd6 11.O-O-O a5 12.g4 a4 13.Ng3 b5 14.Bh6 Bh8 15.c4 
Be6 16.Nf5 Bxf5 17.gxf5 Nh5 18.h4 Rab8 19.Rhg1 Rb7 20.Nh2 Reb8 21.Ng4 Nf4 
22.Rge1 Ng2 23.Rg1 Nf4 24.Rge1 Ng2 25.Rg1 Nf4 26.Qe3 Qd4 27.Qxd4 Ne2+ 28.
Kb1 Nxd4 29.Bc1 bxc4 30.dxc4 Ne2 31.Kc2 h5 32.Nh6+ Kg7 33.Nxf7 Kxf7 34.
Rxg6 Nd4+ 35.Kb1 Bf6 36.Rh6 Rh8 37.Rg1 Rxh6 38.Bxh6 Ne2 39.Re1 Nd4 40.Rg1 
Nf3 41.Rd1 Bxh4 42.Be3 Be7 43.Rh1 h4 44.Rh3 Ng1 45.Rh1 Ne2 46.Kc2 Rb8 47.
Re1 Nd4+ 48.Kc3 h3 49.Rh1 Rh8 50.Kd3 h2 51.Bc1 Rh3+ 52.Be3 Bg5 0-1

[Event "RUS-ChT L1"]
[Site "Sochi RUS"]
[Date "2008.04.11"]
[Round "9"]
[White "Bachin, Vitaly"]
[Black "Sjugirov, Sanan"]
[Result "1/2-1/2"]
[WhiteElo "2488"]
[BlackElo "2491"]
[EventDate "2008.04.03"]
[PlyCount "53"]

1.e4 c5 2.Nc3 d6 3.g3 g6 4.Bg2 Bg7 5.d3 Nc6 6.Be3 e5 7.Qd2 Nge7 8.Bh6 Bxh6
9.Qxh6 Nd4 10.Qd2 O-O 11.f4 Be6 12.Nf3 Nxf3+ 13.Bxf3 Nc6 14.h4 Nd4 15.Be2 
b5 16.h5 b4 17.Nd1 exf4 18.gxf4 f5 19.hxg6 hxg6 20.Ne3 fxe4 21.f5 Qg5 22.
dxe4 Qg3+ 23.Kd1 Nf3 24.Nf1 Qf2 25.Rh8+ Kxh8 26.Qh6+ Kg8 27.Qxg6+ 1/2-1/2

[Event "RUS-ChT L1"]
[Site "Sochi RUS"]
[Date "2008.04.11"]
[Round "9"]
[White "Deviatkin, Andrei"]
[Black "Pogosian, Georgy"]
[Result "1-0"]
[WhiteElo "2543"]
[BlackElo "2196"]
[EventDate "2008.04.03"]
[PlyCount "109"]

1.e4 e6 2.d4 d5 3.Nd2 c5 4.Ngf3 Nc6 5.exd5 Qxd5 6.Bc4 Qd8 7.dxc5 Bxc5 8.
Qe2 Nf6 9.O-O Qc7 10.Ne4 Be7 11.b3 Bd7 12.Bb2 O-O-O 13.Rad1 Qf4 14.Nd6+ 
Bxd6 15.g3 Qg4 16.Rxd6 h5 17.Ne5 Nxe5 18.Bxe5 Qxe2 19.Bxe2 Ne8 20.Rd3 Bc6 
21.Rxd8+ Kxd8 22.h4 f6 23.Rd1+ Ke7 24.Bd4 b6 25.c4 Nd6 26.Bb2 Ne4 27.Ba3+ 
Kf7 28.Bb4 g5 29.hxg5 h4 30.Bf3 h3 31.Kh2 Nxf2 32.Rf1 Bxf3 33.Rxf2 Bg4 34.
Rxf6+ Ke8 35.Rf4 Bf5 36.Bd2 Kd7 37.g4 Bb1 38.Rf7+ Kc8 39.Be1 a6 40.a3 Rg8 
41.Kxh3 Rxg5 42.Kh4 Rg6 43.g5 Rg8 44.Bf2 b5 45.Ra7 Be4 46.Rxa6 bxc4 47.
Rxe6 Bd3 48.Rd6 Kb7 49.b4 Ra8 50.g6 Rxa3 51.g7 Ra8 52.Bd4 Bh7 53.b5 Ra5 
54.Rb6+ Kc7 55.Rh6 1-0

[Event "RUS-ChT L1"]
[Site "Sochi RUS"]
[Date "2008.04.11"]
[Round "9"]
[White "Gasanov, Eldar"]
[Black "Nevostrujev, Vladimir"]
[Result "0-1"]
[WhiteElo "2541"]
[BlackElo "2469"]
[EventDate "2008.04.03"]
[PlyCount "64"]

1.d4 Nf6 2.c4 g6 3.Nc3 Bg7 4.e4 O-O 5.Bg5 d6 6.Qd2 c5 7.d5 a6 8.a4 e6 9.
Bd3 exd5 10.cxd5 Nbd7 11.Nf3 Qc7 12.O-O Ng4 13.Rfe1 Nde5 14.Nxe5 Nxe5 15.
Bf1 f5 16.f4 Nf7 17.Bh4 fxe4 18.Rxe4 Bd7 19.h3 Rae8 20.Be7 Bd4+ 21.Kh1 Bf5
22.Bxf8 Bxe4 23.Nxe4 Rxe4 24.f5 Kxf8 25.fxg6 hxg6 26.Bd3 Re3 27.Bxg6 Kg7 
28.Bh5 Qe7 29.Rf1 Ng5 30.Bf3 Be5 31.Qa5 Nxf3 32.gxf3 Re2 0-1

[Event "RUS-ChT L1"]
[Site "Sochi RUS"]
[Date "2008.04.11"]
[Round "9"]
[White "Geller, Jakov"]
[Black "Batsanin, Dmitry"]
[Result "1-0"]
[WhiteElo "2511"]
[BlackElo "2474"]
[EventDate "2008.04.03"]
[PlyCount "105"]

1.e4 c5 2.Nf3 Nc6 3.d4 cxd4 4.Nxd4 Nf6 5.Nc3 e5 6.Ndb5 d6 7.Bg5 a6 8.Na3 
b5 9.Nd5 Be7 10.Bxf6 Bxf6 11.c4 b4 12.Nc2 a5 13.Qf3 Be6 14.Rd1 Bxd5 15.
cxd5 Nb8 16.Bb5+ Nd7 17.Qg4 Ra7 18.Ne3 O-O 19.Bxd7 Rxd7 20.Rc1 Rc7 21.O-O 
Rxc1 22.Rxc1 Bg5 23.Qe2 f5 24.exf5 Bxe3 25.Qxe3 Rxf5 26.g3 Rf8 27.b3 Qf6 
28.Rc7 Qf5 29.Kg2 h5 30.h4 Rf6 31.Ra7 e4 32.Rxa5 Qe5 33.Rb5 Rf3 34.Qg5 Qe8
35.Rb7 Qf8 36.Qd2 Rd3 37.Qf4 Qxf4 38.gxf4 Rd2 39.Rxb4 Rxa2 40.Rxe4 Rd2 41.
Kf3 Rxd5 42.Ke3 Rd1 43.b4 d5 44.Rd4 Rb1 45.Kd3 Kf7 46.Kc2 Rf1 47.Rxd5 
Rxf2+ 48.Kb3 Rxf4 49.Rxh5 g6 50.Rh7+ Ke6 51.Ka4 Kf6 52.Ka5 Rf1 53.Kb6 1-0

[Event "RUS-ChT L1"]
[Site "Sochi RUS"]
[Date "2008.04.11"]
[Round "9"]
[White "Grishchenko, Sergey"]
[Black "Belov, Vladimir"]
[Result "1-0"]
[WhiteElo "2390"]
[BlackElo "2578"]
[EventDate "2008.04.03"]
[PlyCount "107"]

1.d4 Nf6 2.c4 g6 3.Nc3 d5 4.Bf4 Bg7 5.Nf3 O-O 6.Rc1 dxc4 7.e4 Bg4 8.Bxc4 
Nh5 9.Be3 Bxf3 10.gxf3 e5 11.dxe5 Bxe5 12.Qxd8 Rxd8 13.Ne2 Nc6 14.O-O Nd4 
15.Nxd4 Bxd4 16.Rfd1 Bxe3 17.fxe3 Kf8 18.Kf2 Ke7 19.e5 Ng7 20.e4 a5 21.Ke3
c6 22.a3 Ne8 23.f4 f6 24.Rf1 a4 25.Rf3 Ra5 26.Rh3 h5 27.exf6+ Nxf6 28.Rg1 
Rc5 29.Bd3 Kf7 30.Rhg3 Ng4+ 31.Ke2 g5 32.fxg5 Ne5 33.Rf1+ Kg7 34.h4 Rd4 
35.Rf5 Nxd3 36.Rxd3 Rxe4+ 37.Kf3 Rxf5+ 38.Kxe4 Rb5 39.Rd7+ Kg6 40.Rd6+ Kf7
41.Rd7+ Kg6 42.Rd6+ Kf7 43.Rh6 Rxb2 44.Rxh5 Kg7 45.Rh6 Rh2 46.h5 Rh3 47.
Kf5 Rxa3 48.Rg6+ Kf8 49.Rf6+ Ke7 50.h6 Rh3 51.Kg6 b5 52.Rxc6 a3 53.Rb6 a2 
54.Ra6 1-0

[Event "RUS-ChT L1"]
[Site "Sochi RUS"]
[Date "2008.04.11"]
[Round "9"]
[White "Gubajdullin, Alexey"]
[Black "Shuraev, Andrei"]
[Result "1-0"]
[WhiteElo "2504"]
[BlackElo "2409"]
[EventDate "2008.04.03"]
[PlyCount "38"]

1.e4 c5 2.Nf3 e6 3.c4 Nc6 4.Nc3 Nf6 5.Be2 d5 6.exd5 exd5 7.d4 cxd4 8.Nxd4 
Bc5 9.Nxc6 bxc6 10.cxd5 Nxd5 11.Nxd5 Qxd5 12.O-O Qxd1 13.Rxd1 Be6 14.Bf3 
Ke7 15.Bxc6 Rad8 16.Bg5+ f6 17.Be3 Bxe3 18.fxe3 Rxd1+ 19.Rxd1 Rc8 1-0

[Event "RUS-ChT L1"]
[Site "Sochi RUS"]
[Date "2008.04.11"]
[Round "9"]
[White "Iljin, Artem"]
[Black "Zakharstov, Viacheslav V"]
[Result "1/2-1/2"]
[WhiteElo "2548"]
[BlackElo "2585"]
[EventDate "2008.04.03"]
[PlyCount "80"]

1.Nf3 Nf6 2.c4 b6 3.g3 c5 4.Bg2 Bb7 5.O-O e6 6.Nc3 Be7 7.b3 O-O 8.Bb2 d5 
9.e3 Nbd7 10.Qe2 Ne4 11.cxd5 Nxc3 12.Bxc3 Bxd5 13.Rac1 Rc8 14.d4 Nf6 15.
Bb2 Bd6 16.dxc5 Bxc5 17.Ne5 Bxg2 18.Kxg2 Qd5+ 19.Qf3 Rfd8 20.b4 Bf8 21.Nc6
Re8 22.Rfd1 Qxf3+ 23.Kxf3 a6 24.a3 Rc7 25.Be5 Rb7 26.Rd3 Nd7 27.Bd6 g6 28.
Bxf8 Kxf8 29.Rcd1 Rc8 30.Rxd7 Rxd7 31.Rxd7 Rxc6 32.Ra7 b5 33.Ke4 Rd6 34.f4
h5 35.h3 Kg7 36.g4 hxg4 37.hxg4 g5 38.fxg5 Kg6 39.Kf4 Kg7 40.e4 Kg6 
1/2-1/2

[Event "RUS-ChT L1"]
[Site "Sochi RUS"]
[Date "2008.04.11"]
[Round "9"]
[White "Iordachescu, Viorel"]
[Black "Meshkov, Yuri A"]
[Result "1/2-1/2"]
[WhiteElo "2586"]
[BlackElo "2406"]
[EventDate "2008.04.03"]
[PlyCount "104"]

1.e4 c6 2.d4 d5 3.e5 c5 4.c4 cxd4 5.Nf3 Nc6 6.Nxd4 dxc4 7.Nxc6 Qxd1+ 8.
Kxd1 bxc6 9.Bxc4 e6 10.Nd2 Ne7 11.Nb3 Nd5 12.Bd2 Be7 13.Rc1 O-O 14.Na5 Bd7
15.Ke2 Rfb8 16.Bb3 c5 17.Rhd1 Bb5+ 18.Bc4 a6 19.Ke1 Bf8 20.g3 h5 21.b3 g6 
22.Be2 Bxe2 23.Kxe2 Rb5 24.f4 Nb4 25.Bxb4 cxb4 26.Nc4 a5 27.Rd7 a4 28.Kf3 
axb3 29.axb3 Rc5 30.Rcd1 Rac8 31.Rb7 R5c7 32.Rd7 Rxd7 33.Rxd7 Ra8 34.h3 
Ra1 35.Nd2 h4 36.gxh4 Rh1 37.Kg2 Re1 38.Kf2 Rh1 39.Kg2 Re1 40.Kf2 Rh1 41.
Nf3 Bc5+ 42.Kg2 Rb1 43.Rd3 Rb2+ 44.Kg3 Rc2 45.Rd8+ Kg7 46.Nd2 Rc3+ 47.Kg4 
Re3 48.Rc8 Be7 49.Rc7 Kf8 50.Rc8+ Kg7 51.Rc7 Kf8 52.Rc8+ Kg7 1/2-1/2

[Event "RUS-ChT L1"]
[Site "Sochi RUS"]
[Date "2008.04.11"]
[Round "9"]
[White "Iskusnyh, Sergei"]
[Black "Pogromsky, Mikhail"]
[Result "1-0"]
[WhiteElo "2478"]
[BlackElo "2408"]
[EventDate "2008.04.03"]
[PlyCount "101"]

1.d4 e6 2.c4 b6 3.Nf3 Nf6 4.g3 Bb7 5.Bg2 Be7 6.Nc3 Ne4 7.Bd2 Nxc3 8.Bxc3 
Be4 9.d5 Bf6 10.Qd2 c6 11.dxe6 fxe6 12.O-O O-O 13.Rad1 d5 14.Qe3 Bxc3 15.
Qxc3 Bxf3 16.Bxf3 Na6 17.e4 Qf6 18.Qxf6 Rxf6 19.Bg2 dxe4 20.Bxe4 e5 21.
Rfe1 Raf8 22.Rd2 Nc5 23.Bg2 e4 24.Bxe4 Re6 25.Rde2 Rfe8 26.f3 Kf7 27.Kf1 
Nxe4 28.Rxe4 Rxe4 29.Rxe4 Rd8 30.Ke2 c5 31.Re3 Rd4 32.b3 Rd7 33.f4 Kf6 34.
Rd3 Re7+ 35.Kf3 h5 36.Rd6+ Kf7 37.h3 g6 38.g4 hxg4+ 39.hxg4 Kg7 40.Kg3 Rf7
41.Re6 Kh7 42.Kf3 Rd7 43.Ke4 Kg7 44.Ke5 Kf7 45.Rd6 Re7+ 46.Kd5 Re2 47.Rd7+
Kf6 48.Rxa7 Rf2 49.g5+ Kf5 50.Rf7+ Kg4 51.Rf6 1-0

[Event "RUS-ChT L1"]
[Site "Sochi RUS"]
[Date "2008.04.11"]
[Round "9"]
[White "Kabanov, Nikolai"]
[Black "Chuprikov, Dmitry"]
[Result "1-0"]
[WhiteElo "2517"]
[BlackElo "2433"]
[EventDate "2008.04.03"]
[PlyCount "109"]

1.e4 d6 2.d4 Nf6 3.f3 d5 4.e5 Nfd7 5.f4 c5 6.Nf3 cxd4 7.e6 fxe6 8.Nxd4 Nf6
9.Nc3 Nc6 10.Be3 g6 11.Bb5 Bd7 12.Bxc6 bxc6 13.Nb3 Bg7 14.Bd4 O-O 15.Qd2 
a5 16.O-O-O a4 17.Nc5 a3 18.b3 Qc7 19.Rhe1 Nh5 20.g3 Bxd4 21.Qxd4 Ng7 22.
Ne2 Rfb8 23.Qc3 e5 24.Nxd7 Qxd7 25.Qxe5 e6 26.Nd4 Re8 27.Nf3 c5 28.c4 Rad8
29.Qc3 Qc7 30.Ne5 d4 31.Qd3 Nf5 32.Ng4 Qg7 33.Re5 g5 34.h3 gxf4 35.gxf4 h5
36.Nf2 Qg2 37.Qf1 Qxf1 38.Rxf1 d3 39.Rd1 Rd4 40.Nxd3 Red8 41.Rg1+ Kh8 42.
Nxc5 Rd2 43.Nxe6 Rxa2 44.Rxf5 Ra1+ 45.Kc2 Rxg1 46.Rxh5+ Kg8 47.Nxd8 a2 48.
Ra5 a1=Q 49.Rxa1 Rxa1 50.b4 Kf8 51.Nc6 Ke8 52.Nd4 Rh1 53.Kd3 Rxh3+ 54.Ke4 
Rh1 55.b5 1-0

[Event "RUS-ChT L1"]
[Site "Sochi RUS"]
[Date "2008.04.11"]
[Round "9"]
[White "Kalugin, Sergei"]
[Black "Korneev, Oleg"]
[Result "1/2-1/2"]
[WhiteElo "2457"]
[BlackElo "2645"]
[EventDate "2008.04.03"]
[PlyCount "72"]

1.e4 c5 2.Nf3 e6 3.c4 a6 4.Nc3 Qc7 5.Be2 b6 6.O-O Bb7 7.Re1 d6 8.d4 cxd4 
9.Nxd4 Nf6 10.f3 Be7 11.Be3 O-O 12.Rc1 Nbd7 13.Kh1 Rac8 14.Bf1 Rfe8 15.Bg1
Qb8 16.Qd2 Bd8 17.h3 Bc7 18.Bh2 Ne5 19.b3 h6 20.Qb2 Ng6 21.a4 Nh5 22.Qd2 
Bd8 23.Qf2 Bg5 24.Rcd1 Bh4 25.g3 Be7 26.Bg2 d5 27.exd5 Bb4 28.g4 Nhf4 29.
Nde2 exd5 30.Nxf4 Rxe1+ 31.Qxe1 Nxf4 32.Qe3 g5 33.Nxd5 Bxd5 34.cxd5 Bd6 
35.Bxf4 Bxf4 36.Qd3 Qd6 1/2-1/2

[Event "RUS-ChT L1"]
[Site "Sochi RUS"]
[Date "2008.04.11"]
[Round "9"]
[White "Karpov, Alexander"]
[Black "Chetverik, Maxim"]
[Result "1-0"]
[WhiteElo "2323"]
[BlackElo "2322"]
[EventDate "2008.04.03"]
[PlyCount "95"]

1.e4 Nf6 2.e5 Nd5 3.c4 Nb6 4.c5 Nd5 5.Nc3 c6 6.Bc4 d6 7.cxd6 exd6 8.Nf3 
Nxc3 9.dxc3 d5 10.Bd3 Be7 11.h3 c5 12.Bf4 Nc6 13.Qe2 Be6 14.a3 a5 15.c4 
dxc4 16.Bxc4 Nd4 17.Nxd4 Bxc4 18.Qxc4 Qxd4 19.Qxd4 cxd4 20.Rc1 b6 21.Rc7 
Bc5 22.Kd2 O-O 23.Kd3 a4 24.Bd2 Rac8 25.Rxc8 Rxc8 26.Rc1 Re8 27.Rc4 Rxe5 
28.Rxa4 h5 29.Ra8+ Kh7 30.Rb8 Re6 31.b4 Be7 32.g3 f5 33.h4 Rc6 34.a4 Kg6 
35.Kxd4 Rd6+ 36.Kc3 Bf6+ 37.Kc2 Bd4 38.f3 Bf2 39.Bf4 Rc6+ 40.Kd3 Kf6 41.
Re8 Re6 42.Rxe6+ Kxe6 43.Kc4 g6 44.a5 bxa5 45.bxa5 Kd7 46.Kd5 Ba7 47.a6 
Bf2 48.Be5 1-0

[Event "RUS-ChT L1"]
[Site "Sochi RUS"]
[Date "2008.04.11"]
[Round "9"]
[White "Kljucharev, Sergey"]
[Black "Voitsekhovsky, Stanislav"]
[Result "1-0"]
[WhiteElo "2367"]
[BlackElo "2493"]
[EventDate "2008.04.03"]
[PlyCount "60"]

1.Nf3 c5 2.c4 g6 3.d4 cxd4 4.Nxd4 Bg7 5.e4 Nc6 6.Be3 Nf6 7.Nc3 O-O 8.Be2 
d6 9.O-O Nxd4 10.Bxd4 Be6 11.Qd2 Qa5 12.Rfd1 Rfc8 13.b3 Kf8 14.Rac1 a6 15.
Qb2 Qg5 16.Na4 Rd8 17.Nb6 Rab8 18.a4 Ne8 19.Bxg7+ Nxg7 20.Qc3 a5 21.Nd5 b6
22.f4 Qh6 23.Qe3 Rb7 24.Rc3 Rdb8 25.Qd4 f6 26.Rf1 Bd7 27.f5 gxf5 28.Rh3 
Qg5 29.exf5 Bxf5 30.Rg3 Qh6 1-0

[Event "RUS-ChT L1"]
[Site "Sochi RUS"]
[Date "2008.04.11"]
[Round "9"]
[White "Lanin, Alexsej"]
[Black "Shimanov, Alexandr"]
[Result "1-0"]
[WhiteElo "2456"]
[BlackElo "2441"]
[EventDate "2008.04.03"]
[PlyCount "69"]

1.e4 c6 2.d4 d5 3.Nc3 dxe4 4.Nxe4 Bf5 5.Ng3 Bg6 6.N1e2 e6 7.Nf4 Bd6 8.Nxg6
hxg6 9.Ne4 Be7 10.g3 Nf6 11.Bg2 Nxe4 12.Bxe4 Nd7 13.O-O Qc7 14.c3 a5 15.a4
Nf6 16.Bf3 Nd5 17.Kg2 Qd7 18.h4 O-O-O 19.Qe2 Rh7 20.Rh1 Rdh8 21.Bd2 Qd8 
22.Rad1 Bd6 23.c4 Nb4 24.d5 exd5 25.cxd5 Re8 26.Qc4 c5 27.Rhe1 Rhh8 28.Bg5
Qd7 29.Qb3 Rxe1 30.Rxe1 f6 31.Bd2 Rd8 32.Re6 Be5 33.Be3 Bd6 34.Be4 f5 35.
Bg5 1-0